| 000 | 00307nam a2200109Ia 4500 | ||
|---|---|---|---|
| 008 | 220217s9999||||xx |||||||||||||| ||und|| | ||
| 100 |
_aMoss, Karl _92833 |
||
| 245 | 0 | _aJava server | |
| 260 |
_aTata mcgraw hill company Ltd _bNew Delhi _c2002 |
||
| 300 |
_aXVII,600p _b395 |
||
| 650 | _aPROGRAMMING LANGUAGE | ||
| 999 |
_c170241 _d170241 |
||